000 00316nam a2200133Ia 4500
008 191201s2012 xx 000 0 und d
100 _aIIBF, Banglore
245 0 _aPrinciples And Practices Of Banking
250 _aRep
260 _aN. Delhi
_bMacmillan
_c2012
300 _a480
650 _aMBA
942 _2ddc
_cBK
999 _c5219
_d5219